| 000 | 00431nam a2200157 a 4500 | ||
|---|---|---|---|
| 001 | 000009801 | ||
| 005 | 20200929161718.0 | ||
| 008 | 091001s1979 dr 001 0 spa d | ||
| 040 |
_aDO-SdBNP _bspa _cBNPHU |
||
| 082 |
_axxxx _bC745e |
||
| 100 | 1 |
_aConde Pausas, Alfredo _924702 |
|
| 245 | 1 | 0 |
_aEconomĂa impolĂtica / _cAlfredo Conde Pausas. |
| 260 |
_aSanto Domingo : _bTaller, _c1979. |
||
| 300 |
_a57 p. ; _c15 cm. |
||
| 049 | _aBNPD | ||
| 999 |
_c9560 _d9560 |
||